MDQL
is popping MORE tags! Check the
thread
!
Quizzes
Events
Quiz Creation
Community
Videos
Private Events
Remove Ads
Sign In
Join for FREE
Feedback
Dark Mode
Quiz Categories
Sports
Geography
Music
Movies
Television
Just For Fun
Miscellaneous
History
Literature
Language
Science
Gaming
Entertainment
Religion
Holiday
For Kids
Quiz Lab
Recent
Popular Today
Quiz Kudos Today
Editor Picks
Curator Picks
Quizzes by...
Day
Popularity
Type
Ratings
Length
Year
Community
Subscriptions
Recent Discussions
Orange Saloon
Badges
Playlists
Quests
Create
Leaderboards
Showdown
Live 5
Trivia Bingo
Activity
Puzzle Library
Sporcle Events
Private Events
Virtual Trivia
Globe League
Become a Host
Pub Owners
SporcleCon
Opinionation
Our Games
Videos
Blog
Mobile Apps
Partnerships
Remove Ads and Go Orange
Feedback
Geography
Country
Landmarks
City
State
Population
World
Capital
Continent
Flags
Europe
Africa
Asia
South America
North America
Oceania
Border
Canada
United Kingdom
Topography
United States
Geography
Country
Landmarks
City
State
Population
World
Capital
Continent
Flags
Europe
Africa
Asia
South America
North America
Oceania
Border
Canada
United Kingdom
Topography
United States
Random Quiz
Search Sporcle
×
Quiz Lab
Quiz Lab
Geography
Country
Type in answers that appear in a list
Type in answers that appear in a list
Classic
Best Score? Go Orange.
UNESCO World Heritage Sites Stats
Can you name the country these UNESCO World Heritage Sites are located in?
By
twebster64151
8m
25 Questions
195 Plays
195 Plays
195 Plays
Comments
Comments
Give Quiz Kudos
Give Quiz Kudos
-
- Ratings
hide this ad
Forced Order
Answers have to be entered in order
Answers have to be entered in order
Replay
Link that replays current quiz
Next Quiz
Link to next quiz in quiz playlist
You Got
0%
They Got
Avg Score
59%
Avg Friend Score
Upgrade to see
Score Distribution
Jump to the score distribution portion of the page
Score
0/25
Timer
08:00
0
Plays Today
World Heritage Site
Country
% Correct
Great Barrier Reef
Australia
94.9%
Everglades National Park
U.S.A
93.3%
Himeji-
jō
Japan
90.8%
Lake Baikal
Russia
88.2%
Skogskyrkogården
Sweden
87.7%
Gyeongju Historic Areas
South Korea
80%
Iguazú National Park
Argentina
76.4%
Wieliczka Salt Mine
Poland
73.3%
Tajik National Park
Tajikistan
72.8%
Blenheim Palace
U.K
64.6%
Hattusha: the Hittite Capital
Turkey
63.1%
Episcopal City of Albi
France
63.1%
Robben Island
South Africa
62.6%
World Heritage Site
Country
% Correct
Rideau Canal
Canada
61.5%
Mogao Caves
China
55.9%
Cultural Landscape of Sintra
Portugal
52.3%
La Grand-
Place
Belgium
51.3%
Rock Drawings in Valcamonica
Italy
45.6%
Messel Pit Fossil Site
Germany
40%
Rainforests of the Atsinanana
Madagascar
36.9%
Trinidad and the Valley de los Ingenios
Cuba
32.8%
Itchan Kala (Khiva)
Uzbekistan
29.2%
Mausoleum of Khoja Ahmed Yasawi
Kazakhstan
26.2%
Sulaiman-
Too Sacred Mountain
Kyrgyzstan
25.1%
East Rennell
Solomon Islands
14.9%
Quiz Playlist
Details
Report
Send in Message
Add To Playlist
Classic:
Type in answers that appear in a list
Forced Order:
Answers have to be entered in order
Quiz Source
Last Updated: Feb 16, 2017
Quiz Scoreboard
CHALLENGE
Sign Up to Join the Scoreboard
Show All
Scores
Hide
Comments
May contain spoilers
Recently Published
1-10 Letter E Words III
by El_Dandy
Language
2m
Street Fighter Characters
by Artimus82
Gaming
60s
College Basketball Coaching Resumes
by pancakes188
Sports
9m
More to Explore
Quiz From the Vault
Featured Blog Post
Where Did the Easter Bunny Come From?
hide this ad
You Might Also Like...
Tags
Country Quiz
World Quiz
Heritage
Heritage Sites
location
site
unesco
UNESCO World
Today's Top Quizzes in Geography
Browse Geography
hide this ad
Today's Top Quizzes in Country
Browse Country
Top Contributed Quizzes in Geography
1
Countries of the World - No Outlines Minefield
2
Top 25 Cities of France on a map
3
Any capital of a 'B' country per Continent
4
Any capital of a 'C' country per Continent
5
Closest Countries to UK A-Z
6
Any capital of a 'D' country per Continent
7
5-to-1: US Geography No Hints
8
Any capital of an 'E' country per Continent
9
Find the US States - No Outlines
10
Any capital of an 'F' country per Continent
Explore More
Trending Topics
Crossword
Harry Potter
Marvel
Disney
Anime
Kpop
NBA
WWE
Pokémon
Puzzle
Country
Soccer
Song
The Office
NFL
hide this ad
More By:
twebster64151
Quiz
Plays
Rating
Category
Featured
Created
World's Longest Rivers A-Z
408
4.88
Geography
Feb 24, 2014
Oldest European Universities
299
5.00
History
Feb 24, 2014
UNESCO World Heritage Sites
195
5.00
Geography
Feb 25, 2014
Premier League Hat Trick Minefield (2012-13)
52
2.00
Sports
Feb 24, 2014
Go to Creator's Profile
Score Distribution
Quiz Creator Spotlight
twebster64151
Follow
Send a Message
Quizzes Created
-
Created Quiz Play Count
-
More By This Creator
Popular Quizzes Today
1
Find the US States - No Outlines Minefield
2
Find the Countries of Europe - No Outlines Minefield
3
The Countries of the World
4
Find the US States
5
Risky Map Clicking: Biggest States A-Z
6
US States
7
Popular People in 1961
8
Movies - When Are They Set?
More Geography Quizzes
Sugary Countries
Published
Trending Quizzes
Risky Map Clicking: Least Populous States A-Z
1-10 Letter G Words
1-10 Letter F Words
Countries of the World: 200 Million BC
Risky Map Clicking: Next State Alphabetically
Recently Updated
Beyoncé Albums
pecheneg
Leaping Animals
pecheneg
Reality TV Shows (A-Z)
bhenderson79
Rickey Henderson's Hall of Fame Teammates
pecheneg
Champions League XIs: Arsenal
pecheneg
Quick Pick: Celebrities in WWE's Hall of Fame
aduchscher
A-Z Keypad Blitz II
pecheneg
Multiple Oscar Actors
pecheneg
Mystery Phrase Blitz: Oscar 'Best Actors'
pecheneg
F. Scott Fitzgerald Novels
LTH
Trending Topics
Kpop
NBA
Marvel
Anime
Harry Potter
Crossword
Disney
Song
Country
NFL
Pokémon
WWE
The Office
Puzzle
Soccer
Your Account Isn't Verified!
In order to create a playlist on Sporcle, you need to verify the email address you used during registration. Go to your
Sporcle Settings
to finish the process.
Report this User
Report this user for behavior that violates our
Community Guidelines
.
Details:
Send Report
Go to the Sporcle.com Mobile Site →
Comments